000 00525nam a2200193Ia 4500
001 13704
003 GE_BSU
008 181216s||||||||xx |||||||||||||| ||und||
040 _cGE_BSU
080 _a621.892.028
245 _aОгнестойкие турбинные масла.
245 _cПод ред. К.И.Иванова.
260 _aМ.
260 _bХимия.
260 _c1974.
300 _a168стр. 22 см. с илл.
653 _aОгнестойкие турбинные масла.
942 _cBK
999 _c46852
_d46852